Ήρωες και ηρώα στη Μεσσήνη
Αποθηκεύτηκε σε:
| Κύριος συγγραφέας: | |
|---|---|
| Μορφή: | Βιβλίο |
| Γλώσσα: | Greek |
| Δημοσίευση: |
Αθήναι :
Αρχαιολογική Εταιρεία,
2000.
|
| Σειρά: | Βιβλιοθήκη της εν Αθήναις Αρχαιολογικής Εταιρείας ;
210 |
| Θέματα: | |
| Ετικέτες: |
Προσθήκη ετικέτας
Δεν υπάρχουν, Καταχωρήστε ετικέτα πρώτοι!
|
MARC
| LEADER | 00000cam a2200000 i 4500 | ||
|---|---|---|---|
| 001 | 1/46287 | ||
| 008 | 070615s2000 gr | ||| |||| ||gre|| | ||
| 020 | |a 9608145163 | ||
| 022 | |a 11057785 | ||
| 035 | |l 10088336 | ||
| 040 | |a GR-MyUa |b gre |e AACR2 | ||
| 041 | 0 | |a gre |b eng | |
| 082 | 7 | |a 938.25 |2 (22) | |
| 100 | 1 | |a Θέμελης, Πέτρος Γ. | |
| 245 | 1 | 0 | |a Ήρωες και ηρώα στη Μεσσήνη / |c Πέτρου Γ. Θέμελη. |
| 260 | |a Αθήναι : |b Αρχαιολογική Εταιρεία, |c 2000. | ||
| 300 | |a κ', 191 σ. : |b εικ. ; |c 29 εκ. | ||
| 490 | 1 | |a (Βιβλιοθήκη της εν Αθήναις Αρχαιολογικής Εταιρείας ; |v 210) | |
| 504 | |a Περιλαμβάνει βιβλιογραφία (σ. ιβ'-κ') και ευρετήριο. | ||
| 650 | 0 | |a Cults |z Greece |z Messene (Extinct city) | |
| 650 | 0 | |a Hero worship |z Greece |z Messene (Extinct city) | |
| 650 | 0 | |a Excavations (Archaeology) |z Greece |z Messenia. | |
| 651 | 0 | |a Messene (Extinct city) |x Antiquities. | |
| 651 | 0 | |a Messenia (Greece) |x Antiquities. | |
| 830 | 0 | |a Βιβλιοθήκη της εν Αθήναις Αρχαιολογικής Εταιρείας ; |v 210 | |
| 852 | |a INST |b LESVOS |e 20070615 |h 938.25 ΘΕΜ |p 005100038072 |q 005100038072 |t BK |y 0 | ||
| 852 | |a INST |b RHODES |e 20070911 |h 938.25 ΘΕΜ |p 005400025892 |q 005400025892 |t BK |y 0 | ||
| 901 | |a BIBL1-2007-2 | ||
| 901 | |a BIBL4-2007-3 | ||
| 922 | |a 1ΕΛΗ |b 200705 |c ΕΠΕΑΕΚ2/ΤΚΑ |d Σ. ΠΑΤΑΚΗΣ | ||
| 922 | |a 4ΕΛΗ |b 200708 |c ΕΠΕΑΕΚ2/ΤΜΣ |d Σ. ΠΑΤΑΚΗΣ | ||
| 970 | |a ΚΑΡΑ |b ΓΙΑΣΕΜΗ |z 2007/06/15 | ||